|
|
|
|
| LEADER |
00000cam a2200000 a 4500 |
| 001 |
vtls001379488 |
| 003 |
SK-MaSNL |
| 005 |
20260301161338.0 |
| 008 |
251029s1916 xr a 0 dcze |
| 035 |
|
|
|a SNK000333463
|
| 040 |
|
|
|a SNK
|b slo
|c SNK
|e AACR2
|
| 041 |
0 |
|
|a cze
|
| 044 |
|
|
|a xr
|c CZ
|
| 080 |
|
|
|a 094
|2 2011
|
| 080 |
|
|
|a 821.162.3
|2 2011
|
| 080 |
|
|
|a 82(091)
|2 2011
|
| 080 |
|
|
|a (048.8)
|2 2011
|
| 100 |
1 |
|
|a Heller, Servác,
|d 1845-1922
|4 aut
|9 524222
|
| 245 |
1 |
0 |
|a Z minulé doby našeho života národního, kulturního a politického
|b upomínky a zápisky
|n Díl I.
|c podáva Dr. Servác Heller
|
| 260 |
|
|
|a Praha
|b Český Čtenář
|c 1916
|e Praha
|f Tisk Pražské akciové tiskárny
|
| 300 |
|
|
|a 148 s.
|b ilustr.
|c 19 x 13 cm
|
| 490 |
1 |
|
|a Český čtenář
|v kn. 30.
|
| 500 |
|
|
|a Typogr. ozdoby
|
| 561 |
|
|
|a Pec.:Štátna vedecká knižnica v Prešove
|5 SVKPO: A 69736
|
| 563 |
|
|
|a Väzba previazaná, kartón, čierne plátno
|5 SVKPO: A 69736
|
| 600 |
1 |
7 |
|a Čech, Svatopluk,
|d 1846-1908
|2 SNKPH
|9 177269
|
| 650 |
0 |
7 |
|a staré tlače
|2 SNKPH
|9 51683
|
| 650 |
0 |
7 |
|a česká literatúra
|2 SNKPH
|9 1178
|
| 650 |
0 |
7 |
|a literárna história
|2 SNKPH
|9 1136
|
| 655 |
|
7 |
|a monografie
|2 SNKPH
|9 70139
|
| 710 |
2 |
|
|a Pražská akciová tiskárna (Praha, Česko)
|4 prt
|9 466002
|
| 830 |
|
0 |
|a Český čtenář
|9 384102
|
| 852 |
|
|
|a SVKPO
|c Historické fondy
|p A 69736
|
| 958 |
|
|
|a ONDV
|
| 958 |
|
|
|a LX
|
| 958 |
|
|
|a DG
|
| 999 |
|
|
|c 809073
|d 811003
|
| 952 |
|
|
|t P60, <04>, [BOOK], {604}
|a SNK
|b SNK
|y VYP
|7 0
|p 17A0194912
|o snkID 97812/1 D1
|i snkKSK 677/57
|8 3
|0 0
|1 1
|4 0
|d 1999-12-16
|l 0
|r 2005-01-02 00:00:00
|w 2026-02-24
|
| 952 |
|
|
|a SNK
|b SNK
|y VYP
|7 0
|p 17A0550731
|o snkID 97812/1
|i snk6752/49
|0 0
|1 0
|4 0
|d 2007-05-17
|l 0
|r 2026-02-24 02:30:58
|w 2026-02-24
|